000 00349nam a2200121Ia 4500
008 151001s9999||||xx |||||||||||||| ||und||
100 _aसुहास शिरवळकर
245 _aअज्ञात
250 _a1
260 _bशब्दसन्मान प्रकाशन पुणे
300 _a139
365 _b18
999 _c996919
_d996916